| 000 | 00000nam##2200000za#4500 |
| 001 | 9.574917 |
| 003 | CaOODSP |
| 005 | 20210624184421 |
| 007 | cr ||||||||||| |
| 008 | 150406|2000||||xxc|||||o f|0| 0 eng|d |
| 022 | |a1488-5379 |
| 040 | |aCaOODSP|beng |
| 043 | |an-cn--- |
| 086 | 1 |aFs97-6/2319E-PDF |
| 110 | 1 |aCanada. |bDepartment of Fisheries and Oceans. |
| 245 | 10|aPhytoplankton early warning approaches for finfish aquaculture in southwestern New Brunswick : |h[electronic resource]|butility of satellite-based remote-sensing of ocean colour / |cby W.G. Harrison, J.L. Martin and H. Maass. |
| 260 | |aSt. Andrews - New Brunswick : |bFisheries and Oceans Canada |cc2000. |
| 300 | |a31p.|bcoloured illus., graphs, references |
| 490 | 1 |aCanadian technical report of fisheries and aquatic sciences|x1488-5379|vNo. 2319 |
| 500 | |a"2007". The catalogue number and ISSN for the print edition appear in this electronic version. |
| 546 | |a(Textes préliminaires en français.) |
| 590 | |a12-37-Supp|b2012-09-24 |
| 720 | 1 |aMartin, J. L. |
| 720 | 1 |aHarrison, W. G. |
| 720 | 1 |aMaass, H. |
| 830 | #0|aCanadian technical report of fisheries and aquatic sciences,|x1488-5379|vNo. 2319|w(CaOODSP)9.504449 |
| 856 | 40|ahttp://publications.gc.ca|qPDF|s4425 KB|uhttps://publications.gc.ca/collections/collection_2012/mpo-dfo/Fs97-6-2319-eng.pdf|yNo. 2319 |